| 000 | 00748 a2200229 4500 | ||
|---|---|---|---|
| 003 | NUST | ||
| 005 | 20230131161745.0 | ||
| 010 | _a 73017067 | ||
| 020 | _a0379163063 | ||
| 040 | _cNust | ||
| 082 | 0 | 0 | _a942,ENG |
| 100 | 1 |
_aVexler, Robert I. _9108306 |
|
| 245 | 1 | 0 |
_aEngland: a chronology and fact book, 1485-1973./ _cCompiled and edited by Robert I. Vexler. |
| 260 |
_aDobbs Ferry, N.Y., _bOceana Publications, _c1974. |
||
| 300 |
_av, 186 p. _c24 cm. |
||
| 490 | 0 | _aWorld chronology series | |
| 505 | _aChronology (Page-1), Documents (Page-97), Bibliography (Page-167). | ||
| 650 | _aHistory | ||
| 651 | 0 |
_aGreat Britain _xHistory _xChronology. _9108307 |
|
| 651 | 0 |
_aGreat Britain _xHistory _xSources. _9108308 |
|
| 942 |
_2ddc _cBK _k942,ENG |
||
| 999 |
_c187277 _d187277 |
||